Modulaire stukgoederenbehandeling
Salvato in:
| Autore principale: | |
|---|---|
| Natura: | Libro |
| Lingua: | svedese spagnolo |
| Pubblicazione: |
Devon
NHIBS
1978
|
| Soggetti: | |
| Tags: |
Aggiungi Tag
Nessun Tag, puoi essere il primo ad aggiungerne!!
|
MARC
| LEADER | 00000nam a2200000 a 4500 | ||
|---|---|---|---|
| 001 | UCV8915 | ||
| 003 | CL-VaPUC | ||
| 008 | 920304e19780000UK |||||||||||||||||swe|d | ||
| 041 | 0 | 7 | |a swe |2 CL-VaPUC |
| 041 | 0 | 7 | |a spa |2 CL-VaPUC |
| 082 | 0 | 4 | |a 627.34 |b QUI |2 21 |
| 100 | 0 | |a Quiroz, Fernando |e author |9 302895 | |
| 245 | 1 | 0 | |a Modulaire stukgoederenbehandeling |
| 246 | 1 | 0 | |a Mens-systeem relatie in het dokwerk |
| 300 | |a 2 v | ||
| 942 | |c BK | ||
| 945 | |d 19920304 00:00:00 | ||
| 260 | |a Devon |b NHIBS |c 1978 | ||
| 500 | |a v.1: Modulaire stukgoederenbehandeling | ||
| 500 | |a v.2: Mens-systeem relatie in het dokwerk | ||
| 650 | 7 | |a CARGA MARITIMA |2 CL-VaPUC |9 255552 | |
| 650 | 0 | |a Puertos |9 260105 | |
| 650 | 7 | |a OPERADORES PORTUARIOS |2 CL-VaPUC |9 267311 | |
| 650 | 7 | |a TRABAJADORES PORTUARIOS |2 CL-VaPUC |9 267312 | |
| 650 | 7 | |a ESTIBA |2 CL-VaPUC |9 267313 | |
| 650 | 7 | |a TRANSPORTE DE CARGA |2 CL-VaPUC |9 267314 | |
| 650 | 7 | |a MANEJO DE CARGA |2 CL-VaPUC |9 260791 | |
| 583 | |a last modification |c 20120523 11:54:57 |k Rodrigo Vera | ||
| 999 | |c 214331 |d 214329 | ||
| 952 | |0 0 |1 0 |4 0 |6 627_340000000000000_QUI_1978 |7 0 |8 P |9 197581 |a BIBARQ |b BIBARQ |d 2019-11-14 |h v.1 |i 2652528 |o 627.34 QUI 1978 |p 2652528 |r 2025-01-20 |w 2019-11-14 |y BK |k ARQ | ||
| 952 | |0 0 |1 0 |4 0 |6 627_340000000000000_QUI_1978 |7 0 |8 P |9 197582 |a BIBARQ |b BIBARQ |d 2019-11-14 |h v.2 |i 2652536 |o 627.34 QUI 1978 |p 2652536 |r 2025-01-20 |w 2019-11-14 |y BK |k ARQ | ||